1455 1571 1731 1251 1134 1068 1986 1976 1184 1443 1967 1796 1301 1571 1916 1741 1879 1504 1707 1244 1756 1342 1107 1043 1680 1755 1840 1496 1273 1346 1889 1559 1398 1377 1820 1946 1934 1317 1605 1333 1847 1932 1640 1827 1495 1100 1258 1151 1722 1762 1150 1116 1995 1125 1794 1885 1547 1326 1243 1099 1324 1122 1859 1240 1803 1122 1709 1037 1672 1303 1622 1105 1004 1356 1584 1987 1655 1491 1382 1094 1733 1137 1454 1144 1338 1591 1636 1129 1127 1888 1941 1619 1982 1108 1841 1548 1419 1014 1861 BCNSPRNW ULIB Ver.6.0+V

เปลี่ยนเป็นภาษาไทย

Change to English
 แสดงรายละเอียดบรรณานุกรม
  กลับหน้าหลัก

Brief Record : Get Marc (ISO 2709) : E-mail record : QR code < ปิดหน้าต่าง
LEADER : 00000nam 2200000uu 4500
001    13399120257
003     ULIB
008    120917s2552||||th 000 0 tha d
020    ^a9789749922965
060 04 ^aWY200^bม497ก 2552
245 00 ^aการดูแลผู้ป่วยที่บ้าน /^cผู้รวบรวมและเรียบเรียง ; มาลินีชลานันต์ ... [และคนอื่นๆ]
250    ^aพิมพ์ครั้งที่ 1
260    ^aกรุงเทพฯ :^bศูนย์ฝึกอบรมปฐมพยาบาลและสุขภาพอนามัยสภากาชาดไทย,^c2552
300    ^a88 หน้า :^bภาพประกอบ;^c26 ซม.
650  7 ^aผู้ป่วยที่บ้าน, บริการ
650  7 ^aเคหการพยาบาล
650  7 ^aสุขภาพในครอบครัว
700 0  ^aมาลินี ชลานันต์,^eผู้รวบรวมและเรียบเรียง
710 2  ^aสภากาชาดไทย ศูนย์ฝึกอบรมปฐมพยาบาลและสุขภาพอนามัย
945    ^p120^l0^i16778
945    ^p120^l0^i16239
945    ^p120^l0^i16240
945    ^p120^l0^i16779
995    ^aวิภา
999 ^a ใช้งานได้ทุกระบบ
รายการนี้ยังไม่มีแท็ก
คุณยังไม่ได้ล็อกอิน คุณสามารถมีกิจกรรมร่วมกับเว็บไซต์ได้ แต่ต้องล็อกอินก่อน ::
  ล็อกอิน

รายการสื่อสารสนเทศ

ลำดับที่ ประเภท เลขเรียก/บาร์โค้ด สถานที่ สถานะ
- ไม่พบข้อมูล -

รายการใกล้เคียง
    หัวเรื่อง [ผู้ป่วยที่บ้าน, บริการ]
    หัวเรื่อง [เคหการพยาบาล]
    หัวเรื่อง [สุขภาพในครอบครัว]

BibComment


ยังไม่เคยถูกคอมเมนท์

คอมเมนท์ทรัพยากรรายการนี้
  คอมเมนท์: การดูแลผู้ป่วยที..


 Copyright 2026. Bcnsprnw @Library